| Tag |
First Indicator |
Second Indicator |
Subfields |
| LEADER |
00000cam a22000004a 4500 |
| 001 |
in00002107983 |
| 005 |
20151103050624.0 |
| 008 |
051122s2006 nyua 001 0 eng |
| 010 |
|
|
|a 2005058038
|
| 020 |
|
|
|a 0071467335
|
| 035 |
|
|
|a (OCoLC)ocm62408873
|
| 040 |
|
|
|a DLC
|c DLC
|d BAKER
|d C#P
|d UtOrBLW
|
| 042 |
|
|
|a pcc
|
| 049 |
|
|
|a TXAM
|
| 050 |
0 |
0 |
|a TS192
|b .B67 2006
|
| 082 |
0 |
0 |
|a 658.2/02
|2 22
|
| 100 |
1 |
|
|a Borris, Steven.
|
| 245 |
1 |
0 |
|a Total productive maintenance /
|c Steven Borris.
|
| 264 |
|
1 |
|a New York :
|b McGraw-Hill,
|c [2006]
|
| 264 |
|
4 |
|c ©2006
|
| 300 |
|
|
|a xxiv, 386 pages :
|b illustrations ;
|c 24 cm.
|
| 336 |
|
|
|a text
|b txt
|2 rdacontent
|
| 337 |
|
|
|a unmediated
|b n
|2 rdamedia
|
| 338 |
|
|
|a volume
|b nc
|2 rdacarrier
|
| 650 |
|
0 |
|a Total productive maintenance.
|
| 650 |
|
0 |
|a Industrial equipment
|x Maintenance and repair
|x Management.
|
| 938 |
|
|
|a Baker & Taylor
|b BKTY
|c 89.95
|d 89.95
|i 0071467335
|n 0006574294
|s active
|
| 945 |
|
|
|i PromptCat
|
| 947 |
|
|
|a A14832712101
|
| 994 |
|
|
|a 92
|b TXA
|
| 948 |
|
|
|a cataloged
|b h
|c 2006/3/3
|d c
|e rbarron
|f 7:40:26 pm
|
| 999 |
|
|
|a MARS
|
| 999 |
f |
f |
|s d09a4541-694a-34a0-92e5-bd42001a7c44
|i 484d4e74-174a-3f8c-af70-e04428996278
|t 0
|
| 952 |
f |
f |
|p normal
|a Texas A&M University
|b College Station
|c Sterling C. Evans Library
|d Evans: Library Stacks
|t 0
|e TS192 .B67 2006
|h Library of Congress classification
|i unmediated -- volume
|m A14832712101
|
| 998 |
f |
f |
|a TS192 .B67 2006
|t 0
|l Evans: Library Stacks
|